|
|
|
|
| LEADER |
00000cam a2200000 7i4500 |
| 001 |
0000002678 |
| 005 |
20031028.0 |
| 090 |
0 |
0 |
|a C343.595
|b KON 2003
|
| 110 |
1 |
0 |
|a KONFERENS Perundangan Komunikasi di Malaysia 2003 Dalam Dunia Tanpa Sempadan
|k 2003
|j Kuala Lumpur
|
| 245 |
1 |
0 |
|a (Papers presented at ... , 5 Mei 2003, Kuala Lumpur)
|
| 260 |
0 |
0 |
|a (Serdang, Selangor :
|b Universiti Putra Malaysia ,
|c 2003)
|
| 300 |
|
|
|a Various pagings ;
|c 30 cm.
|
| 500 |
0 |
0 |
|a Includes bibliographical references
|
| 650 |
0 |
0 |
|a Communication in law
|z Malaysia
|x Congresses
|
| 650 |
0 |
0 |
|a Mass media
|x Law and legislation
|z Malaysia
|x Congresses
|
| 998 |
|
|
|a JPSM
|
| 999 |
|
|
|a 0000005054
|b Monograph
|c Conference kit
|e Default branch
|